Minnesota Timberwolves leading scorer each game (2024-2025 season) - Statistics

General Stats
  • This quiz has been taken 45 times
  • The average score is 5 of 7
Answer Stats
# of games Player % Correct
52 Anthony Edwards
100%
1 Rudy Gobert
97%
5 Jaden McDaniels
82%
12 Julius Randle
82%
8 Naz Reid
74%
3 Donte DiVincenzo
62%
1 Terrence Shannon Jr.
36%
No matching quizzes found
Score Distribution
Percent of People with Each Score
Percentile by Number Answered
Your Score History
You have not taken this quiz